Improving the accuracy of ASTER elevation data for glacial change assessment in Antarctica (Record no. 114580)
[ view plain ]
| 000 -LEADER | |
|---|---|
| fixed length control field | 01174cad a22002295a 4500 |
| 001 - CONTROL NUMBER | |
| control field | L157081 |
| 008 - FIXED-LENGTH DATA ELEMENTS--GENERAL INFORMATION | |
| fixed length control field | 120829s2012 xxk f 000 0 eng d |
| 020 ## - INTERNATIONAL STANDARD BOOK NUMBER | |
| International Standard Book Number | 9781842198186 |
| 035 ## - SYSTEM CONTROL NUMBER | |
| System control number | (Sirsi) u157081 |
| 041 0# - LANGUAGE CODE | |
| Language code of text/sound track or separate title | eng |
| 100 1# - MAIN ENTRY--PERSONAL NAME | |
| Personal name | Miller, Pauline |
| Titles and words associated with a name | Dr |
| 245 00 - TITLE STATEMENT | |
| Title | Improving the accuracy of ASTER elevation data for glacial change assessment in Antarctica |
| Medium | [electronic resource] |
| 260 ## - PUBLICATION, DISTRIBUTION, ETC. | |
| Place of publication, distribution, etc. | London |
| Name of publisher, distributor, etc. | RICS |
| Date of publication, distribution, etc. | 2012 |
| 490 #0 - SERIES STATEMENT | |
| Series statement | RICS Research |
| 520 ## - SUMMARY, ETC. | |
| Summary, etc. | Looks at an automated mathematical approach which performs statistical minimisation of a poorly-controlled DEM surface with respect to a DEM of higher accuracy. This approach, known as "surface matching" offers significant potential for improving the accuracy of ASTER data and facilitating the wider application of the technique in order to quantify glacial change in a systematic manner across the Antarctic Peninsula. |
| 651 #4 - SUBJECT ADDED ENTRY--GEOGRAPHIC NAME | |
| Geographic name | United Kingdom |
| Chronological subdivision | |
| 690 ## - LOCAL SUBJECT ADDED ENTRY--TOPICAL TERM (OCLC, RLIN) | |
| Topical term or geographic name as entry element | Geomatics |
| 9 (RLIN) | 6242 |
| 700 1# - ADDED ENTRY--PERSONAL NAME | |
| Personal name | Mills, John |
| Titles and other words associated with a name | Professor |
| 700 1# - ADDED ENTRY--PERSONAL NAME | |
| Personal name | Kunz, Matthias |
| 856 40 - ELECTRONIC LOCATION AND ACCESS | |
| Uniform Resource Identifier | <a href="https://www.rics.org/Global/Glacial_change_antarctica_120312_dwl_aj.pdf">https://www.rics.org/Global/Glacial_change_antarctica_120312_dwl_aj.pdf</a> |
| Public note | View the main report free of charge at www.rics.org |
| 942 ## - ADDED ENTRY ELEMENTS (KOHA) | |
| Suppress in OPAC | 0 |
| Withdrawn status | Lost status | Source of classification or shelving scheme | Damaged status | Not for loan | Home library | Current library | Shelving location | Date acquired | Total Checkouts | Full call number | Barcode | Date last seen | Copy number | Price effective from | Koha item type |
|---|---|---|---|---|---|---|---|---|---|---|---|---|---|---|---|
| Dewey Decimal Classification | Virtual | Virtual | Online | 29/08/2012 | ONLINE PUBLICATION | 157081-2001 | 06/08/2019 | 1 | 06/08/2019 | Book |